|
|
|
|
| LEADER |
00729cam a2200205 7i4500 |
| 001 |
0000049248 |
| 005 |
20260126090000.0 |
| 020 |
|
|
|a 0521338670 (pbk.)
|
| 020 |
|
|
|a 9780521338677 (pbk.)
|
| 090 |
0 |
0 |
|a JC49
|b .P57 1986
|
| 100 |
1 |
|
|a Piscatori, James P
|
| 245 |
1 |
0 |
|a Islam in a world of nation-states
|c James P. Piscatori.
|
| 260 |
|
|
|a New York:
|b Cambridge University Press,
|c 1986.
|
| 300 |
|
|
|a viii, 193 p.:
|b ill.;
|c 23 cm.
|
| 500 |
|
|
|a Gift: Zainol Ahmad Resource Center
|
| 650 |
0 |
0 |
|a Islam and state
|
| 650 |
0 |
0 |
|a Islam --
|x Political aspects
|
| 710 |
2 |
|
|a Royal Institute of International Affairs
|
| 997 |
|
|
|a Perpustakaan Peringatan Siddiq Fadzil, Balai Rakyat
|
| 999 |
|
|
|a 0000065880
|b BOK
|c OPEN SHELF
|e 1st Floor, Bestari Jaya
|